Studies on the propagules used for artificial seeds (Record no. 69726)

MARC details
000 -LEADER
fixed length control field 00519nam a2200181Ia 4500
100 ## - MAIN ENTRY--AUTHOR NAME
Personal name Chen Z H
245 #0 - TITLE STATEMENT
Title Studies on the propagules used for artificial seeds
260 ## - PUBLICATION, DISTRIBUTION, ETC. (IMPRINT)
Name of publisher Proceedings of the Ist Asia-Pacific Conference on Agricultural Biology, Beijing, 1992, pp. 279-282
Year of publication 1993
500 ## - GENERAL NOTE
General note Source Year: 1994
700 ## - ADDED ENTRY--PERSONAL NAME
Personal name Guan Y L
700 ## - ADDED ENTRY--PERSONAL NAME
Personal name Lin D T
700 ## - ADDED ENTRY--PERSONAL NAME
Personal name Liu G Z
700 ## - ADDED ENTRY--PERSONAL NAME
Personal name Qian W J
700 ## - ADDED ENTRY--PERSONAL NAME
Personal name Yao Y G
856 ## - ELECTRONIC LOCATION AND ACCESS
Uniform Resource Identifier IRRDB
942 ## - ADDED ENTRY ELEMENTS (KOHA)
Koha item type Journals
Holdings
Withdrawn status Lost status Damaged status Not for loan Home library Current library Shelving location Date acquired Koha item type
      Journals RRII Library RRII Library Botany 17/12/2021 Journals